000 00327nam a2200133Ia 4500
008 200103s9999||||xx |||||||||||||| ||und||
040 _aIMU-MPC
082 _aColumn-19
100 _aRosenthal, Stanley A.
245 0 _aEngineering Economics and Practice
260 _bMacmillan, London
_c1964
300 _ax, 180
942 _cBK
999 _c6389
_d6389